Statistiques concernant Culture Générale - Série 1387

Cliquez ici pour prendre le quiz!

Statistiques générales

  • Ce quiz a été pris 53 fois
  • Le résultat moyen est 6 sur 10

Statistiques - réponses

Question Réponse % Correct
Quel est le nom de l'instrument, qui permet au médecin, d'ausculter un patient ?stéthoscope
86%
A quel genre de western Sergio Leone donna-t-il ses lettres de noblesse avec "Pour une poignée de dollars" ?western spaghetti
78%
Quel chanteur de pop anglaise interprète le tube : "Relax, Take It Easy" ?Mika
67%
Avec quel groupe grunge Kurt Cobain connut-il un succès international ?Nirvana
67%
Sous quel nom de scène connaît-on mieux le chanteur Michel-Jean Hamburger ?Michel Berger
57%
Quel footballeur, né à Marseille, a gagné 4 titres de champion avec Manchester United dans les années 1990 ?Éric Cantona
57%
Quel chanteur, né à Puerto Rico, nous a fait danser tout l'été 1997, avec le titre : "Maria" ?Ricky Martin
51%
L'auteur du roman "Histoire du chevalier Des Grieux et de Manon Lescaut" est : L'abbé ...Prévost
39%
Quel est le titre complet du 2e volet de la saga cinématographique "Indiana Jones", sorti en 1984 ?Indiana Jones et le temple maudit
31%
Quel mot rimant avec "chaudière", désigne un lieu où règnent la confusion et le désordre ?pétaudière
18%

Distribution des résultats

Percentile par nombre de réponses

% des personnes avec chaque résultat

Votre développement - résultats

Vous n’avez pas pris ce quiz